000 00797nam a2200205Ii 4500
003 JO-AjNU
008 230605s9999||||xx |||||||||||||| ||und||
040 _aJO-AjNU
_bara
_erda
_cJO-AjNU
041 _aara
050 1 4 _aK230.1998
100 3 _aأعداد الطيبي ، عكاشة عبد المنان ,
_eauthor
_913578
245 0 0 _aأسئلة النساء القانونية وأجوبة كبار المحامين عليها
250 _a(د،ط)
264 3 1 _aبيروت : المكتبة الثقافية ، 1998
300 _a128ص
336 _atext
_btxt
_2rdacontent
337 _aunmediated
_bn
_2rdamedia
338 _avolume
_bnc
_2rdacarrier
650 4 _aالاسلا والقانون -- الفقة الاسلامي -- أصول -- أحوال شخصية ( الاسلام )
_913579
999 _aA3417
_c6985
_d6985